LEADER 02954oam 2200685I 450 001 9910452900303321 005 20200520144314.0 010 $a1-280-87353-1 010 $a9786613714848 010 $a1-136-29982-3 010 $a1-136-29981-5 010 $a0-203-11660-7 024 7 $a10.4324/9780203116609 035 $a(CKB)2550000000104808 035 $a(EBL)982122 035 $a(OCoLC)798209393 035 $a(SSID)ssj0000690973 035 $a(PQKBManifestationID)12314516 035 $a(PQKBTitleCode)TC0000690973 035 $a(PQKBWorkID)10628486 035 $a(PQKB)11565438 035 $a(MiAaPQ)EBC982122 035 $a(Au-PeEL)EBL982122 035 $a(CaPaEBR)ebr10578116 035 $a(CaONFJC)MIL371484 035 $a(OCoLC)801405991 035 $a(EXLCZ)992550000000104808 100 $a20180706d2012 uy 0 101 0 $aeng 135 $aur|n|---||||| 181 $ctxt 182 $cc 183 $acr 200 00$aLife in post-communist Eastern Europe after EU membership $ehappy ever after? /$fedited by Donnacha O Beachain, Vera Sheridan and Sabina Stan 210 1$aNew York :$cRoutledge,$d2012. 215 $a1 online resource (257 p.) 225 1 $aRoutledge contemporary Russia and Eastern Europe series ;$v37 300 $aDescription based upon print version of record. 311 $a1-138-81573-X 311 $a0-415-68084-0 320 $aIncludes bibliographical references and index. 327 $aCover; Title; Copyright; Contents; List of illustrations; List of contributors; Foreword; Acknowledgements; Introduction; 1 Poland; 2 The Czech Republic; 3 Slovakia; 4 Hungary; 5 Slovenia; 6 Lithuania; 7 Latvia; 8 Estonia; 9 Romania; 10 Bulgaria; Conclusion; Index 330 $aThis book examines how membership of the European Union has affected life in the ten former communist countries of Eastern Europe that are now members of the European Union. For each country, political, economic and social changes are described and discussed, together with people's perceptions of the effects of EU membership. Overall, the book shows how the benefits of EU membership have differed between different countries, and how perceptions about the benefits also differ and have changed over time. 410 0$aRoutledge contemporary Russia and Eastern Europe series ;$v37. 606 $aPost-communism$zEurope, Eastern 607 $aEurope, Eastern$xHistory$y1989- 607 $aEurope, Eastern$xPolitics and government$y1989- 608 $aElectronic books. 615 0$aPost-communism 676 $a947.0009/0511 701 $aO Beachain$b Donnacha$0868093 701 $aSheridan$b Vera$0868094 701 $aStan$b Sabina$f1968-$0868095 801 0$bMiAaPQ 801 1$bMiAaPQ 801 2$bMiAaPQ 906 $aBOOK 912 $a9910452900303321 996 $aLife in post-communist Eastern Europe after EU membership$91937966 997 $aUNINA LEADER 01032nam0 22002771i 450 001 UON00073196 005 20231205102358.831 100 $a20020107d1982 |0itac50 ba 101 $aeng 102 $aUS 105 $a||||m ||||| 200 1 $aTuareg music and social identity$fElizabeth Caroline Card 205 $aAnn Arbor : UMI$bstampa 1987 210 $a239 p.$a21 cm 215 $aTesi di laurea: Indiana University, 1982 606 $aTUAREG (Ahaggar)$3UONC022073$2FI 620 $aUS$dAnn Arbor (Michigan)$3UONL000025 676 $a961.004933$cStoria dei berberi$v21 700 1$aCARD$bElizabeth Caroline$3UONV048083$0659054 712 $aUMI$3UONV245796$4650 801 $aIT$bSOL$c20250620$gRICA 899 $aSIBA - SISTEMA BIBLIOTECARIO DI ATENEO$2UONSI 912 $aUON00073196 950 $aSIBA - SISTEMA BIBLIOTECARIO DI ATENEO$dSI 4 0716 $eSI AA 8588 5 0716 996 $aTuareg music and social identity$91165022 997 $aUNIOR